Vozniknovenija kapitalizma v promyšlennosti i sel'skom chozjajstve stra Jevropy, Azii i Ameriki : sbornik statej /

Další autoři: Skazkin, Sergej Danilovič, 1890-1973
Jazyk: Ruština
Vydáno: Moskva : Nauka, 1968
Fyzický popis: 483 s.
Knihy
Uloženo v:
LEADER 00668nam a22001932a 4500
001 001323609
003 CZ BrMZK
005 20130905095006.0
007 ta
008 130905s1968 ru er|||||||||||rus d
040 |a BOA001  |b cze 
245 0 0 |a Vozniknovenija kapitalizma v promyšlennosti i sel'skom chozjajstve stra Jevropy, Azii i Ameriki :  |b sbornik statej /  |c otvetstvennyj redaktor S.D. Skazkin 
260 |a Moskva :  |b Nauka,  |c 1968 
300 |a 483 s. 
700 1 |a Skazkin, Sergej Danilovič,  |d 1890-1973  |7 skuk0001282  |4 edt 
910 |a BOA001  |b 2-0610.254 
990 |a BK 
991 |b 201309 
996 7 |b 2619004830  |c 2-0610.254  |l HP2  |r DEN  |n 0  |w 001358595  |u 000010  |a 1  |e BOA001  |j MZK50  |s A